| 000 | 00622nam a22001217a 4500 | ||
|---|---|---|---|
| 008 | 221003b |||||||| |||| 00| 0 eng d | ||
| 020 | _a9789993680994 | ||
| 082 | _a920 DRA | ||
| 245 | _aདཔལ༌འབྲུག༌པ༌རིན༌པོ༌ཆེ༌ངག༌དབང༌བསྟན༌འཛིན༌རྣམ༌རྒྱལ༌གྱི༌རྣམ༌ཐར༌པ༌རྒྱས༌པ༌ཆོས༌སྤྲིན༌ཆེན༌པོའི༌དབྱངས༌ཞེས༌བྱ༌བ༌བཞུགས༌སོ།། | ||
| 260 |
_aThimphu : _bTango Buddhist College, _c2022. |
||
| 300 |
_a479 p. _c23 cm. |
||
| 942 | _2ddc | ||
| 999 |
_c9150 _d9151 |
||